Detalles MARC
| 000 -LEADER |
| fixed length control field |
01954cam a2200349 a 4500 |
| 005 - FECHA ULTIMA MODIFICACION |
| control field |
20240222115704.0 |
| 008 - CAMPO DE CONTROL (LIBRO) |
| fixed length control field |
100810s2005||||ag d f |||| 00| 0 spa d |
| 020 ## - INTERNATIONAL STANDARD BOOK NUMBER |
| ISBN |
9509030104 |
| 041 ## - CODIGO DE IDIOMA |
| Código de idioma del texto/pista de sonido o título separado |
spa |
| 092 ## - SIGNATURA TOPOGRAFICA DEWEY LOCAL |
| número de clasificación |
614.1 |
| libristica |
47 |
| sección |
LEN |
| 100 1# - ENTRADA PRINCIPAL--NOMBRE PERSONAL |
| Nombre personal |
Lencioni, Leo Julio. |
| 9 (RLIN) |
1095 |
| 245 ## - TITULO PROPIAMENTE DICHO |
| Título |
Sexología y Tocoginecología Médico-Legal. |
| Subtítulo y Título paralelo |
Tratado para médicos y abogados / |
| Mención de responsabilidad y remanente de la transcripción de la portada |
Leo Julio Lencioni. |
| 250 ## - MENCION DE EDICION |
| Mención de edición |
1a ed. |
| Mención de responsabilidad relacionada con la ed. |
Prólogo de Alfredo Achaval |
| 260 ## - PIE DE IMPRENTA |
| Lugar de publicación, distribución, etc |
Rosario [Santa Fe ; Argentina]: |
| Nombre de la editorial, distribuidor, etc |
Corpus; |
| Fecha de publicación |
2005. |
| 300 ## - DESCRIPCION FISICA |
| Extension |
282 p. |
| 500 ## - NOTA GENERAL |
| Nota general |
Lencioni, L. J. (2005). Sexología y Tocoginecología Médico-Legal. Tratado para médicos y abogados. (1a ed.). Rosario (Santa Fe ; Argentina) : Corpus. |
| 653 ## - TÉRMINO INDIZADO - PALABRAS CLAVES |
| Palabra clave |
Sexo: la sexología. Los estados intersexuales. Cromosomas |
| 653 ## - TÉRMINO INDIZADO - PALABRAS CLAVES |
| Palabra clave |
Desviaciones sexuales. Parafilias |
| 653 ## - TÉRMINO INDIZADO - PALABRAS CLAVES |
| Palabra clave |
Delitos contra la integridad sexual: epidemiología, examen de la victima, examen del lugar del hecho |
| 653 ## - TÉRMINO INDIZADO - PALABRAS CLAVES |
| Palabra clave |
Delitos contra la integridad sexual: examen genital, violación por vía anal, coito por vía oral, examen psíquico, complicaciones, examen del agresor, laboratorio, mutilaciones genitales |
| 653 ## - TÉRMINO INDIZADO - PALABRAS CLAVES |
| Palabra clave |
Delitos contra la integridad sexual: legislación, protocolos para redactar historias clínicas |
| 653 ## - TÉRMINO INDIZADO - PALABRAS CLAVES |
| Palabra clave |
Abuso sexual en los niños |
| 653 ## - TÉRMINO INDIZADO - PALABRAS CLAVES |
| Palabra clave |
Enfermedades de transmisión sexual: delito de contagio venéreo, legislación |
| 653 ## - TÉRMINO INDIZADO - PALABRAS CLAVES |
| Palabra clave |
Impotencia, esterilidad e infertelidad |
| 653 ## - TÉRMINO INDIZADO - PALABRAS CLAVES |
| Palabra clave |
Tocoginecología médico-legal |
| 653 ## - TÉRMINO INDIZADO - PALABRAS CLAVES |
| Palabra clave |
Embarazo: diagnóstico del embarazo, tiempo de embarazo, duración del embarazo, nacimiento, otros problemas médico-legales |
| 653 ## - TÉRMINO INDIZADO - PALABRAS CLAVES |
| Palabra clave |
Aborto: epidemiología del aborto criminal, causas del aborto, complicaciones del aborto criminal, sintomatología del aborto, legislación |
| 653 ## - TÉRMINO INDIZADO - PALABRAS CLAVES |
| Palabra clave |
Fertilización asistida: técnicas de fertilización asistida, aspectos médico-jurídicos |
| 930 ## - NUMERO DE INVENTARIO |
| Número de inventario |
1321 |
| 930 ## - NUMERO DE INVENTARIO |
| Número de inventario |
1322 |
| 942 ## - ADDED ENTRY ELEMENTS (KOHA) |
| Source of classification or shelving scheme |
Dewey Decimal Classification |
| Item type |
Libros |